Gaming Quiz

Random Gaming or Pokémon Quiz

Pokemon by number (1st generation) Quiz Stats

 Plays Quiz not verified by Sporcle

Challenge
Share
Tweet
Embed
Score 0/151 Timer 15:00
0 Plays Today
Pokedex number Pokemon % Correct
1Bulbasaur
84%
3Venusaur
78%
4Charmander
78%
2Ivysaur
76%
6Charizard
76%
9Blastoise
76%
8Wartortle
74%
7Squirtle
72%
5Charmeleon
70%
14Kakuna
68%
10Caterpie
66%
16Pidgey
66%
11Metapod
64%
13Weedle
64%
15Beedrill
64%
20Raticate
64%
18Pidgeot
62%
19Rattata
62%
25Pikachu
62%
151Mew
62%
12Butterfree
60%
21Spearow
60%
31Nidoqueen
60%
23Ekans
58%
24Arbok
58%
26Raichu
58%
34Nidoking
58%
41Zubat
58%
43Oddish
58%
145Zapdos
58%
148Dragonair
58%
149Dragonite
58%
17Pidgeotto
56%
22Fearow
56%
27Sandshrew
56%
32Nidoran
56%
38Ninetales
56%
101Electrode
56%
142Aerodactyl
56%
144Articuno
56%
146Moltres
56%
150Mewtwo
56%
28Sandslash
54%
36Clefable
54%
40Wigglytuff
54%
45Vileplume
54%
51Dugtrio
54%
147Dratini
54%
33Nidorino
52%
35Clefairy
52%
39Jigglypuff
52%
Pokedex number Pokemon % Correct
42Golbat
52%
44Gloom
52%
100Voltorb
52%
37Vulpix
50%
46Paras
50%
48Venonat
50%
49Venomoth
50%
50Diglett
50%
29Nidoran
48%
47Parasect
48%
54Psyduck
48%
56Mankey
48%
57Primeape
48%
83Farfetch'd
48%
95Onix
48%
105Marowak
48%
133Eevee
48%
137Porygon
48%
141Kabutops
48%
143Snorlax
48%
30Nidorina
46%
52Meowth
46%
62Poliwrath
46%
64Kadabra
46%
65Alakazam
46%
67Machoke
46%
69Bellsprout
46%
70Weepinbell
46%
82Magneton
46%
94Gengar
46%
96Drowzee
46%
98Krabby
46%
102Exeggcute
46%
103Exeggutor
46%
104Cubone
46%
119Seaking
46%
124Jynx
46%
136Flareon
46%
139Omastar
46%
55Golduck
44%
60Poliwag
44%
68Machamp
44%
71Victreebel
44%
72Tentacool
44%
75Graveler
44%
91Cloyster
44%
93Haunter
44%
106Hitmonlee
44%
107Hitmonchan
44%
108Lickitung
44%
109Koffing
44%
Pokedex number Pokemon % Correct
116Horsea
44%
117Seadra
44%
131Lapras
44%
132Ditto
44%
134Vaporeon
44%
135Jolteon
44%
138Omanyte
44%
140Kabuto
44%
53Persian
42%
59Arcanine
42%
63Abra
42%
76Golem
42%
78Rapidash
42%
88Grimer
42%
90Shellder
42%
92Gastly
42%
111Rhyhorn
42%
113Chansey
42%
128Tauros
42%
130Gyarados
42%
58Growlithe
40%
66Machop
40%
73Tentacruel
40%
74Geodude
40%
77Ponyta
40%
81Magnemite
40%
86Seel
40%
97Hypno
40%
99Kingler
40%
115Kangaskhan
40%
123Scyther
40%
127Pinsir
40%
129Magikarp
40%
61Poliwhirl
38%
84Doduo
38%
85Dodrio
38%
87Dewgong
38%
110Weezing
38%
114Tangela
38%
122Mr. Mime
38%
125Electabuzz
38%
126Magmar
38%
112Rhydon
36%
121Starmie
36%
79Slowpoke
34%
80Slowbro
34%
118Goldeen
32%
120Staryu
32%
89Muk
30%

You're not logged in!

Compare scores with friends on all Sporcle quizzes.
Join for Free
OR
Log In

You Might Also Like...

Show Comments

Extras

Top Quizzes Today


Score Distribution

Your Account Isn't Verified!

In order to create a playlist on Sporcle, you need to verify the email address you used during registration. Go to your Sporcle Settings to finish the process.

Report this User

Report this user for behavior that violates our Community Guidelines.

Details: